Obálka Náhled e-knihy:
Epub
Pro půjčování e-knih musíte být přihlášeni.
Jak si půjčit online?

Kytice /

Kytice, původně vydaná pod názvem Kytice z pověstí národních, je stěžejní dílo Karla Jaromíra Erbena. Je to jediná původní kniha, kterou kdy vydal. Jedná se o sbírku 13 skladeb inspirovaných lidovou slovesností poukazující na hodnotu mezilidských vztahů. Kytice obsahuje 13 básní: Kytice / Poklad / S...

Celý popis

Uloženo v:
Hlavní autor: Jaromír Erben, Karel (Autor)
Médium: E-kniha
Jazyk:Czech
Vydáno: Praha : Artis, 2021
Tagy:
Žádné tagy
LEADER 01373nam a22002297i 4500
001 311438
007 ta
008 260601s2021 xr ||||| |||| 00| 0 cze d
020 |a 9990003372253 
044 |a xr 
100 1 |a  Jaromír Erben, Karel  |4 aut 
245 1 0 |a Kytice /  |c  Jaromír Erben, Karel 
264 1 |a Praha :  |b Artis,  |c 2021 
300 |a 1 online zdroj (58 stran) 
336 |a text  |b txt  |2 rdacontent 
337 |a bez média  |b n  |2 rdamedia 
338 |a online zdroj  |b cr  |2 rdacarrier 
520 2 |a Kytice, původně vydaná pod názvem Kytice z pověstí národních, je stěžejní dílo Karla Jaromíra Erbena. Je to jediná původní kniha, kterou kdy vydal. Jedná se o sbírku 13 skladeb inspirovaných lidovou slovesností poukazující na hodnotu mezilidských vztahů. Kytice obsahuje 13 básní: Kytice / Poklad / Svatební košile / Polednice / Zlatý kolovrat / Štědrý den / Holoubek / Záhořovo lože  / Vodník / Vrba / Lilie / Dceřina kletba / Věštkyně 
910 |a RBIT002 
998 |d 337225  |a https://core.palmknihy.cz/api/books/337225/cover?r0n5ug  |b https://core.palmknihy.cz/api/books/337225/cover/400?r0n5ug  |c https://core.palmknihy.cz/api/books/337225/cover/50?r0n5ug  |e 2099-12-01  |g 58  |i 9990003372253  |j https://core.palmknihy.cz/api/books/337225/preview.epub  |l   |q 49  |r 1  |s https://www.palmknihy.cz/kniha/337225  |t ebook  |y 2021  |z 1 
999 |d 311436